|
|
|
|
| LEADER |
00000nta a2200000 i 4500 |
| 001 |
dolg3371 |
| 005 |
20161122134733.0 |
| 008 |
161122suuuu hu o 000 hun d |
| 040 |
|
|
|a BGE Dolgozattár Repozitórium
|b hun
|
| 041 |
|
|
|a hun
|
| 100 |
1 |
|
|a Szitás Daniella
|
| 245 |
1 |
0 |
|a Nemzetközi konferenciák szervezésének bemutatása a GLC tevékenységén keresztül
|h [elektronikus dokumentum] /
|c Szitás Daniella
|
| 516 |
|
|
|a Final_paper
|
| 695 |
|
|
|a Konferencia
|
| 695 |
|
|
|a Konferenciaszervezés
|
| 700 |
0 |
1 |
|a Hrabovszki Zsuzsa
|e ths
|
| 856 |
4 |
0 |
|u http://dolgozattar.uni-bge.hu/3371/1/Szit%C3%A1s%20Daniella-%20Z%C3%A1r%C3%B3dolgozat.pdf
|z Dokumentum-elérés
|
| 856 |
4 |
0 |
|u http://dolgozattar.uni-bge.hu/3371/2/3a9e056eba88563f9669ec4774877c96-By%20Docs88.COM.pdf
|z Dokumentum-elérés
|